Riches in Romans. (Record no. 5704)

000 -LEADER
fixed length control field 00536nam a2200181 a 4500
001 - CONTROL NUMBER
control field :::00003446$&:&@@
003 - CONTROL NUMBER IDENTIFIER
control field OkBaRHE
005 - DATE AND TIME OF LATEST TRANSACTION
control field 20000607103305.0
008 - FIXED-LENGTH DATA ELEMENTS--GENERAL INFORMATION
fixed length control field s1969 j 000 0 eng u
040 ## - CATALOGING SOURCE
Transcribing agency
100 1# - MAIN ENTRY--PERSONAL NAME
Personal name Shannon, Harper.
245 10 - TITLE STATEMENT
Title Riches in Romans.
260 ## - PUBLICATION, DISTRIBUTION, ETC. (IMPRINT)
Place of publication, distribution, etc Nashville, TN., :
Name of publisher, distributor, etc Broadman Press
Date of publication, distribution, etc c1969
300 ## - PHYSICAL DESCRIPTION
Extent 93 p. ;
Dimensions 19 cm.
650 ## - SUBJECT ADDED ENTRY--TOPICAL TERM
Topical term or geographic name as entry element Bible New Testament Romans
General subdivision Study
942 ## - ADDED ENTRY ELEMENTS (KOHA)
Source of classification or shelving scheme
Koha item type Books
Copies
Lost status Barcode Full call number Damaged status Price effective from Permanent Location Source of classification or shelving scheme Copy number Date acquired Not for loan Koha item type Date last seen Withdrawn status Shelving location
 3446BS 2665 .S45 2010-04-14RHEMA Bible Training College 12010-04-14 Books2018-03-28 General Stacks